| 000 | 00407nam a22001457a 4500 | ||
|---|---|---|---|
| 020 | _a9780134580999 | ||
| 040 | _cNUST | ||
| 082 |
_a612 _bMAR |
||
| 100 |
_aMarieb, Elaine N. & Hoehn, Katja _998905 |
||
| 245 |
_aHuman Anatomy & Physiology / _cElaine N. Marieb & Katja Hoehn |
||
| 250 | _a11th Ed. | ||
| 260 |
_aUSA, _bPearson Educationm _c2019. |
||
| 300 |
_a1137p. ; _bHardcover _c27cm. |
||
| 942 |
_2ddc _cBK |
||
| 999 |
_c591404 _d591404 |
||